000
nam a22 7a 4500
999
_c
50350
_d
50350
003
OSt
005
20201216101301.0
008
201216b xxu||||| |||| 00| 0 eng d
040
_c
serosoft
100
_a
konar, hiralal
245
_a
D C DUTTA Textbook of gynecology
300
_a
586
942
_2
ddc
_c
01